Stories From Grimm

Bibliographic Details
Format: Book
Published: London : Tiger Books International , 1993
Subjects:

MARC

LEADER 00000cam a2200000 7i4500
001 0000038511
005 20031224.0
008 031224s1993
020 |a 1855014076 
090 0 0 |a JF CHI 
245 1 0 |a Stories From Grimm 
260 |a London :   |b Tiger Books International ,   |c 1993 
300 |a 190p. :   |b col. ill ;   |c 24cm. 
650 0 0 |a Junior Fiction 
999 |a 0000340318   |b Buku   |c Koleksi Pinjaman Kanak-Kanak   |e Perpustakaan Cawangan Jasin 
999 |a 0000370514   |b Buku   |c Koleksi Pinjaman Kanak-Kanak   |e Perbadanan Perpustakaan Awam Melaka 
999 |a 73812   |b Buku   |c Koleksi Pinjaman Kanak-Kanak   |e Perbadanan Perpustakaan Awam Melaka